000 00409nam a2200181Ia 4500
001 9168
005 20260306160703.0
008 260306t2008||||xx |||||||||||||| ||spa||
041 _aESP
082 _a374.01
_bR92
100 _aRúgolo, Marta
_eAUT
245 0 _aEscuela para padres
260 _c2008
300 _a712 páginas :
_c28 cm.
650 _aGEN
654 _aCED
942 _cLIB
_dJUS
_fJUS
_2ddc
_n
999 _c9168
_d9168